| 000 | 006920000a22001090004500 | ||
|---|---|---|---|
| 100 | 1 | _aHorsley, Richard A. | |
| 245 | 1 | 0 | _aLos grupos judíos palestinos y sus mesías a fines de la época del segundo Templo |
| 300 | _avol. 245, núm 245 (Febrero, 1993), Páginas 33-51 | ||
| 520 | _aEl concepto mismo del "Mesías" es producto de la reflexión teológica cristiana. Los primeros cristianos recurrieron a varias tradiciones diferentes, algunas de ellas tomadas de la Biblia hebrea y/o de la Versión de los Setenta, y recogieron la idea de agentes futuros, históricos o previstos, de la liberación, en sus intentos por expresar el significado de Jesús. | ||
| 773 | 0 | _tConcilium | |
| 942 | _cANA | ||
| 999 |
_c49983 _d49983 |
||